Statistics for Country Flags with the Most Orange

Click here to take the quiz!

General Stats

  • This quiz has been taken 17,600 times
    (15,951 since last reset)
  • The average score is 8 of 10

Answer Stats

Answer% Correct
Ireland
98%
India
97%
Cyprus
94%
Bhutan
87%
Sri Lanka
82%
Ivory Coast
78%
Armenia
68%
Niger
61%
Marshall Islands
56%
Zambia
54%

Score Distribution

Percentile by Number Answered

Percent of People with Each Score

Your Score History

You have not taken this quiz since the last reset